| 000 | 00755nam a22002537a 4500 | ||
|---|---|---|---|
| 005 | 20170123162327.0 | ||
| 010 | _aA-318578 | ||
| 020 | _c22.00 | ||
| 035 | _aA-318578 | ||
| 037 | _bCen Lib/Ret | ||
| 040 |
_aDPL _bUR |
||
| 082 |
_aن _bش ر ت |
||
| 100 |
_aشرت چند _9656 |
||
| 245 |
_aتیاگ / _cشرت چند |
||
| 246 |
_aTyag / _bby SHarat chand |
||
| 260 |
_aنیی دہلی _bپرنس بک ڈیپو _c1987 |
||
| 270 |
_bنیی دہلی _aسی نیو روہتک روڈ قدر دل باغ _e110005 |
||
| 300 |
_a208p. _c18cm(Hb) |
||
| 650 |
_aاردو ادب _9120017 |
||
| 650 |
_aاردو ناول _9547 |
||
| 650 |
_aUrdu literature _9120018 |
||
| 650 |
_aUrdu novel _9120019 |
||
| 942 |
_2ddc _cUR _hن _mش ر ت |
||
| 999 |
_c107546 _d107546 |
||